[Event "GER-chT U18 Girls"]
[Site "Karlsruhe"]
[Date "2015.05.08"]
[Round "1.1"]
[White "Brokinkel, Lilli"]
[Black "Dorendorf, Lena"]
[Result "0-1"]
[WhiteElo "800"]
[BlackElo "1125"]
[PlyCount "64"]
[EventDate "2015.05.07"]
[EventType "team-swiss"]
[EventRounds "7"]
[EventCountry "GER"]
[SourceTitle "EXT 2017"]
[Source "ChessBase"]
[SourceDate "2016.10.25"]
[SourceVersion "1"]
[SourceVersionDate "2016.10.25"]
[SourceQuality "1"]
[WhiteTeam "Bremen Am Barkhof (W)"]
[BlackTeam "Gadebusch Gymn (W)"]
[WhiteTeamCountry "GER"]
[BlackTeamCountry "GER"]

1. e4 e5 2. Nf3 Nc6 3. Nc3 Nf6 4. Bc4 Bc5 5. d3 d6 6. Bg5 h6 7. Bxf6 Qxf6 8. 0-0 Qg6 9. g3 Bg4 10. Nd5 Rc8 11. b3 Nd4 12. Qc1 Ne2+ 13. Kg2 Nxc1 14. Raxc1 Bxf3+ 15. Kxf3 Qh5+ 16. Kg2 c6 17. Nc3 b5 18. b4 Bxb4 19. Nd1 bxc4 20. dxc4 Rb8 21. c3 Ba3 22. Rc2 Rb1 23. Rd2 Ke7 24. Ne3 Rxf1 25. Nxf1 f5 26. exf5 Qxf5 27. Ne3 Qf7 28. Nc2 Bc5 29. a4 Rf8 30. a5 Qf3+ 31. Kh3 Rf5 32. Nd4 Rh5# 0-1